El jinete alado: historia del primer récord mundial chileno batido en Viña del Mar por el capitán Alberto Larraguibel y su caballo Huaso
Сохранить в:
| Главный автор: | |
|---|---|
| Формат: | |
| Язык: | испанский |
| Опубликовано: |
Viña del Mar
El Observador
2007
Viña del Mar Ilustre Municipalidad de Viña del Mar 2007 |
| Редактирование: | 1a. ed |
| Предметы: | |
| Метки: |
Добавить метку
Нет меток, Требуется 1-ая метка записи!
|
MARC
| LEADER | 00000cam a2200000 a 4500 | ||
|---|---|---|---|
| 001 | UCF7976 | ||
| 003 | CL-VaPUC | ||
| 008 | 130718e20070000CL |||||||||||||||||spa|d | ||
| 020 | |a 9789563190267 | ||
| 082 | 0 | 4 | |a 798.25 |b SIL |2 21 |
| 100 | 0 | |a Silva Bijit, Roberto |e author |9 570062 | |
| 245 | 1 | 3 | |a El jinete alado: historia del primer récord mundial chileno batido en Viña del Mar por el capitán Alberto Larraguibel y su caballo Huaso |
| 250 | |a 1a. ed | ||
| 300 | |a 126 p | ||
| 942 | |c BK | ||
| 945 | |d 20130718 00:00:00 |a cmena | ||
| 260 | |a Viña del Mar |b El Observador |c 2007 | ||
| 260 | |a Viña del Mar |b Ilustre Municipalidad de Viña del Mar |c 2007 | ||
| 650 | 7 | |a DEPORTES ECUESTRES |2 CL-VaPUC |9 341529 | |
| 650 | 7 | |a RECORDS MUNDIALES |2 CL-VaPUC |9 459811 | |
| 650 | 7 | |a EQUITACION |2 CL-VaPUC |9 368806 | |
| 650 | 7 | |a SALTOS |2 CL-VaPUC |9 334248 | |
| 651 | 0 | |a Viña del Mar |9 327030 | |
| 583 | |a last modification |c 20130718 10:54:00 |k Rodrigo Vera | ||
| 999 | |c 352682 |d 352680 | ||
| 952 | |0 0 |1 0 |4 0 |6 798_250000000000000_SIL_2007_2007 |7 0 |8 X |9 457287 |a FDOBUD |b FDOBUD |d 2019-11-22 |i 4772520 |o 798.25 SIL 2007 2007 |p 4772520 |r 2019-11-22 |w 2019-11-22 |y BK_X |k BUD | ||